Núdzové a orientačné osvetlenie

Na minha lista:
Detalhes bibliográficos
Autor principal: Greman, Karol (Author)
Outros Autores: Horňák, Pavol, 1943- (Thesis advisor)
Formato: Manuscrito Livro
Idioma:eslovaco
Publicado em: Bratislava : STU v Bratislave FEI, 2003
Assuntos:
Tags: Adicionar Tag
Sem tags, seja o primeiro a adicionar uma tag!

MARC

LEADER 00000ntm a22000003a 4500
001 stu81089
005 20160719164737.3
008 030620s2003------------------------slo-d
040 |a STU  |b slo 
041 0 |a slo 
100 1 |a Greman, Karol  |4 aut 
245 1 |a Núdzové a orientačné osvetlenie 
260 |a Bratislava :  |b STU v Bratislave FEI,  |c 2003 
300 |a 48 s 
650 7 |a Elektroenergetické a silnoprúdové inžinierstvo  |2 stusub 
700 1 |a Horňák, Pavol,  |d 1943-  |4 ths  |u E130  |U FEI Fakulta elektrotechniky a informatiky  |T FEI Katedra elektroenergetiky  |X 2129  |U E130  |Y 59  |7 A000002129